Conference on trade in financial services Bratislava, 26-27 March 1998

Na minha lista:
Detalhes bibliográficos
Formato: Livro
Idioma:inglês
Publicado em: Brussel Phare multi-country trade development PCU 1998
Colecção:Proceedings report
Assuntos:
Tags: Adicionar Tag
Sem tags, seja o primeiro a adicionar uma tag!

MARC

LEADER 00000nam a2200000 4500
001 c110508
005 20221221081836.8
041 0 |a eng 
044 |a BE 
245 1 0 |a Conference on trade in financial services  |b Bratislava, 26-27 March 1998 
264 1 |a Brussel  |b Phare multi-country trade development PCU  |c 1998 
300 |a [300] s. 
490 1 |a Proceedings report 
830 0 |a Proceedings report 
610 2 0 |a služby finančné 
610 2 0 |a obchod 
610 2 0 |a obchody bankové 
610 2 0 |a kríza banková 
610 2 0 |a euro 
610 2 0 |a pohyb kapitálu 
610 2 0 |a bankovníctvo 
610 2 0 |a banky 
610 2 0 |a trh euromenový 
610 2 0 |a trh finančný medzinárodný